Rheology of rubber polymers and mixes (Record no. 67090)

MARC details
000 -LEADER
fixed length control field 00358nam a2200121Ia 4500
100 ## - MAIN ENTRY--AUTHOR NAME
Personal name Koopmann R
245 #0 - TITLE STATEMENT
Title Rheology of rubber polymers and mixes
260 ## - PUBLICATION, DISTRIBUTION, ETC. (IMPRINT)
Name of publisher Proceedings of the International Rubber Conference, Sweden, 1986, V1. p91-96
650 ## - SUBJECT ADDED ENTRY--TOPICAL TERM
Topical Term Rheology
650 ## - SUBJECT ADDED ENTRY--TOPICAL TERM
Topical Term Rubber polymers
942 ## - ADDED ENTRY ELEMENTS (KOHA)
Koha item type Journals
Holdings
Withdrawn status Lost status Damaged status Not for loan Home library Current library Shelving location Date acquired Koha item type
      Journals RRII Library RRII Library Rubber chemistry 17/12/2021 Journals